Pokémon Platine - Le Square Paisible - Statistiques

Statistiques générales
  • Ce quiz a été pris 38 fois
  • Le résultat moyen est 15 sur 20
Statistiques - réponses
Pokémon % Correct
025 Pikachu
97%
035 Mélofée
88%
388 Boskara
82%
391 Chimpenfeu
82%
390 Ouisticram
82%
395 Pingoléon
82%
394 Prinplouf
82%
039 Rondoudou
82%
392 Simiabraz
82%
393 Tiplouf
82%
389 Torterra
82%
387 Tortipouss
82%
417 Pachirisu
79%
427 Laporeille
74%
425 Baudrive
65%
440 Ptiravi
65%
255 Poussifeu
62%
300 Skitty
62%
054 Psykokwak
53%
285 Balignon
38%
Aucun quiz correspondant
Distribution des résultats
% des personnes avec chaque résultat
Percentile par nombre de réponses
Votre historique - résultats
Vous n’avez pas pris ce quiz